000 00314nam a22001217a 4500
020 _a9788177541984
020 _a8177541986
082 _a633.082
_bSAh/AG
100 _aSahu, D.D
245 _aAgrometeorology and remote sensing; principles and practices
260 _aJodhpur
_bAgrobios (India)
_c2010
942 _cBK
999 _c13799
_d13799